Comprehensive Approch To PPH (Record no. 249444)

MARC details
000 -LEADER
fixed length control field 00357pam a2200145a 44500
008 - FIXED-LENGTH DATA ELEMENTS--GENERAL INFORMATION
fixed length control field 230405s2004 xxu||||| |||| 00| 0 eng d
020 ## - INTERNATIONAL STANDARD BOOK NUMBER
International Standard Book Number 8180612902
Terms of availability Rs. 73
082 ## - DEWEY DECIMAL CLASSIFICATION NUMBER
Classification number 618
Item number RAP
100 ## - MAIN ENTRY--PERSONAL NAME
Personal name Rapur, Seethamma
245 ## - TITLE STATEMENT
Title Comprehensive Approch To PPH
260 ## - PUBLICATION, DISTRIBUTION, ETC.
Place of publication, distribution, etc. New Delhi
Name of publisher, distributor, etc. Jaypee Pub
Date of publication, distribution, etc. 2004
300 ## - PHYSICAL DESCRIPTION
Extent 62 p
502 ## - DISSERTATION NOTE
Dissertation note text
906 ## - LOCAL DATA ELEMENT F, LDF (RLIN)
a 000673

No items available.